000 00500nam a2200193Ia 4500
003 LK-CoDNM
008 010623t1962 xxu||||| |||| 00| 1 sin d
040 _aLK-CoDNM
_dLK-CoDNM
_eLK-CoDNM
041 _asin
080 _ax 398.2
100 _aAmarasekara, Dharmabandhu
245 _aඓතිහාසික ජන කථා
246 _aIthihaasika jana katha
260 _bM.D.Gunasena
_aColombo
_c1962
300 _b166, 18.5 cm
650 _aCulture
650 _aFalklore
942 _cBK
999 _c105989
_d105989